000 00903nam a2200241Ia 4500
003 GCL
008 140319s9999 xx 000 0 ara d
040 _aGCL /
_cGCL
082 0 4 _aق
_b327.6207
_bع ت
100 1 _aعبدالرؤوف احمد عمرو
245 1 0 _aتاريخ العلاقات المصرية الامريكية (1939 - 1957) (46) /
_cعبدالرؤوف احمد عمرو
260 _a[S.N] :
_bالهيئة المصرية العامة للكتاب ،
_c1991
300 _a487 ص
490 _aتاريخ المصريين
_v0
650 0 4 _aمصر
650 0 4 _aالولايات المتحدة الامريكية
650 0 4 _aالعلاقات الدولية
650 0 4 _aثورة 23 يوليو 1952
650 0 4 _aالسد العالى
650 0 4 _aتأميم قناة السويس
650 0 4 _aالحرب العالمية الثانية 1939 - 1945
942 _2ddc
_cBK
999 _c52534
_d52534